Lịch sử quân sự Việt Nam. t.IV, hoạt động quân sự thời Trần : thế kỷ XIII - XIV/

में बचाया:
ग्रंथसूची विवरण
निगमित लेखक: Bộ Quốc Phòng. Viện lịch sử quân sự Việt Nam
स्वरूप: Sách giấy
भाषा:Vietnamese
प्रकाशित: H. : Chính trị Quốc gia, 2003
विषय:
टैग : टैग जोड़ें
कोई टैग नहीं, इस रिकॉर्ड को टैग करने वाले पहले व्यक्ति बनें!
Thư viện lưu trữ: Thư viện Trường Đại học Đà Lạt
LEADER 00903nam a2200313 4500
001 DLU040028639
005 ##20040802
040 # # |a DLU  |b vie 
041 # # |a vie 
044 # # |a vn 
082 # # |a 355.033 059 7  |b BOQ 
110 # # |a Bộ Quốc Phòng.  |b Viện lịch sử quân sự Việt Nam 
245 # # |a Lịch sử quân sự Việt Nam.  |n t.IV,  |p hoạt động quân sự thời Trần : thế kỷ XIII - XIV/  |c Bộ Quốc Phòng 
260 # # |a H. :  |b Chính trị Quốc gia,  |c 2003 
300 # # |a 414 tr. ;  |c 22 cm 
504 # # |a Tài liệu tham khảo :tr.403 
651 # # |a Việt Nam  |x Lịch sử, Quân sự. 
651 # # |a Việt Nam  |x Lịch sử. 
923 # # |a 19/2004 
990 # # |a t.IV 
992 # # |a 60000 
994 # # |a DLU 
900 # # |a True 
911 # # |a Đào Thị Thu Huyền 
925 # # |a G 
926 # # |a A 
927 # # |a SH 
980 # # |a Thư viện Trường Đại học Đà Lạt